| 000 | 00371nam a2200145Ia 4500 | ||
|---|---|---|---|
| 008 | 240624s9999 xx 000 0 und d | ||
| 041 | _aeng | ||
| 082 | _a657 KNA | ||
| 100 | _aKNAPP MICHAEL C | ||
| 245 | _aAUDITING CASES | ||
| 250 | _a(7th ed.) | ||
| 260 |
_c2009 _aAustralia _bSouth-Western Cengage Learning |
||
| 300 | _axxiii, : 526 : p. : cm. ; 25 | ||
| 365 |
_c _b30 |
||
| 999 |
_c14917 _d14917 |
||